<?xml version="1.0" encoding="UTF-8"?>
<record
    xmlns:xsi="http://www.w3.org/2001/XMLSchema-instance"
    xsi:schemaLocation="http://www.loc.gov/MARC21/slim http://www.loc.gov/standards/marcxml/schema/MARC21slim.xsd"
    xmlns="http://www.loc.gov/MARC21/slim">

  <leader>01515nam a22001817a 4500</leader>
  <controlfield tag="003">NUST</controlfield>
  <datafield tag="040" ind1=" " ind2=" ">
    <subfield code="a">0</subfield>
  </datafield>
  <datafield tag="082" ind1=" " ind2=" ">
    <subfield code="a">005.1,SHA</subfield>
  </datafield>
  <datafield tag="100" ind1=" " ind2=" ">
    <subfield code="a">Shafiq, Ridha </subfield>
    <subfield code="9">114315</subfield>
  </datafield>
  <datafield tag="245" ind1=" " ind2=" ">
    <subfield code="a">Diabetic Retinopathy Detection (Web Based Application) /</subfield>
    <subfield code="c">Ridha Shafiq, Syeda Saman Fatima, Fatimah Ahmad, Yalmaz Khan</subfield>
  </datafield>
  <datafield tag="264" ind1=" " ind2=" ">
    <subfield code="a">MCS, NUST</subfield>
    <subfield code="b"> Rawalpindi </subfield>
    <subfield code="c">2023</subfield>
  </datafield>
  <datafield tag="300" ind1=" " ind2=" ">
    <subfield code="a">xv, 90 p</subfield>
  </datafield>
  <datafield tag="505" ind1=" " ind2=" ">
    <subfield code="a">The Diabetic Retinopathy Detection Application is a cutting-edge, web-based decision-support system that leverages automated screening to detect DR, which is a significant contributor to early blindness in diabetic patients. The system streamlines the screening process and reduces ophthalmologists' workload by automating the report generation process. The project's scope includes identifying key challenges for DR detection, researching recognition techniques, and implementing the proposed method. The project also aims to transfer important diagnostic, teaching, and research technologies, establish a medical image processing research lab in future, and form an innovative incubation center to address industry-related problems. Ultimately, the Diabetic Retinopathy Detection Application (Retina Doc) aims to reduce the risk of blindness among diabetic patients, especially in remote areas deprived of high-end machines that can detect DR, and save individuals from the consequences of DR.</subfield>
  </datafield>
  <datafield tag="650" ind1=" " ind2=" ">
    <subfield code="a">UG BESE</subfield>
    <subfield code="9">114271</subfield>
  </datafield>
  <datafield tag="690" ind1=" " ind2=" ">
    <subfield code="a">BESE-25 </subfield>
    <subfield code="9">114270</subfield>
  </datafield>
  <datafield tag="700" ind1=" " ind2=" ">
    <subfield code="a">Supervisor Dr. Naima Iltaf</subfield>
    <subfield code="9">113008</subfield>
  </datafield>
  <datafield tag="942" ind1=" " ind2=" ">
    <subfield code="2">ddc</subfield>
    <subfield code="c">PR</subfield>
  </datafield>
  <datafield tag="999" ind1=" " ind2=" ">
    <subfield code="c">595677</subfield>
    <subfield code="d">595677</subfield>
  </datafield>
  <datafield tag="952" ind1=" " ind2=" ">
    <subfield code="0">0</subfield>
    <subfield code="1">0</subfield>
    <subfield code="4">0</subfield>
    <subfield code="7">0</subfield>
    <subfield code="a">MCS</subfield>
    <subfield code="b">MCS</subfield>
    <subfield code="c">GEN</subfield>
    <subfield code="d">2023-08-30</subfield>
    <subfield code="l">0</subfield>
    <subfield code="o">005.1,SHA</subfield>
    <subfield code="p">MCSPCS-461</subfield>
    <subfield code="r">2023-08-30</subfield>
    <subfield code="w">2023-08-30</subfield>
    <subfield code="y">PR</subfield>
  </datafield>
</record>
